000 00878cab a2200265 4500
001 ABS56831
008 090401t1997 xxu||||| |||| 00| 0 eng d
035 _a(Sirsi) u78006
041 _aeng
100 _aZhu, J.
245 4 _aThe effectiveness of public intervention in the property market
260 _c1997
350 _a0
490 _aUrban Studies
_v34(4) April 1997, 627-646(11)
520 _aThe author uses the example of Singapore in the 1980s to examine the effectiveness of government intervention in an inefficient property market within a free market economy.
650 _aPROPERTY-COMMERCIAL PROPERTY-COMMERCIAL PROPERTY MARKET
650 _aHOUSING MARKET
650 _aPROPERTY CYCLES
650 _aPROPERTY INVESTMENT
650 _aRECESSION
650 _aSINGAPORE
690 _aECONOMIC AND SOCIAL
942 _n0
948 _c28/04/1997
999 _c49066
_d49066